000 00569nam a2200193Ia 4500
003 GCL
008 140319s9999 xx 000 0 ara d
040 _aGCL /
_cGCL
082 0 4 _a812.043
_bج م
100 1 _aجورج شحاتة
245 1 0 _aمهاجر بريسبان (هدية من الاديب عبدالفتاح الجمل) /
_cجورج شحاتة
300 _a176 ص
490 _a
650 0 4 _aالادب العربى
650 0 4 _aالمسرح
650 0 4 _aالمسرح العربى
650 0 4 _aالمسرحيات العربية
942 _2ddc
_cBK
999 _c41149
_d41149